| 000 | 00883nam a2200229Ii 4500 | ||
|---|---|---|---|
| 003 | JO-AjNU | ||
| 008 | 230605s9999||||xx |||||||||||||| ||und|| | ||
| 017 | _a2011/14408 | ||
| 020 | _a978-977-422-199-7 | ||
| 040 |
_aJO-AjNU _bara _erda _cJO-AjNU |
||
| 041 | _aara | ||
| 050 | 1 | 4 | _aHF5415.2011 |
| 100 | 3 |
_aابراهيم،محمد محمد, _eauthor _932649 |
|
| 245 | 0 | 0 | _aادارة التسويق في اطار معايير ادارة الجودة النسويقية:المدخل للتميز واحتلال مركز الريادة في السوق |
| 250 | _aط1 | ||
| 264 | 3 | 1 | _aالاسكندرية:الدار الجامعية؛2011 |
| 300 |
_a713ص _bيحتوي على ببلوغرافية من ص709-713ص |
||
| 336 |
_atext _btxt _2rdacontent |
||
| 337 |
_aunmediated _bn _2rdamedia |
||
| 338 |
_avolume _bnc _2rdacarrier |
||
| 650 | 4 |
_aالتسويق-ادارة _932650 |
|
| 999 |
_aA13206 _c16774 _d16774 |
||